000 00675nam a2200193Ii 4500
003 JO-AjNU
008 230605s9999||||xx |||||||||||||| ||und||
040 _aJO-AjNU
_bara
_erda
_cJO-AjNU
041 _aara
050 1 4 _aTS136.R59 2006
100 3 _aرياض، محمد ,
_eauthor
_932479
245 0 0 _aدليل تاهيل المنظمات العربية لتطبيق نظام ادارة الجودة
264 3 1 _aالقاهرة: المنظمة العربية الادارية ، 2006
300 _a75ص
336 _atext
_btxt
_2rdacontent
337 _aunmediated
_bn
_2rdamedia
338 _avolume
_bnc
_2rdacarrier
650 4 _aتاهيل المنظمات
_932480
999 _aA13117
_c16685
_d16685